Hardest City Quiz - Statistics

General Stats
  • This quiz has been taken 20 times
  • The average score is 4 of 8
Answer Stats
Hint Answer % Correct
South African capital that starts with B Bloemfontein
80%
One letter Micronesian city U
80%
Capital of Svalbard Longyearbyen
70%
Major city in Croatia that is a word Split
70%
1m+ metro area nigerian city that with 3 letters Aba
30%
This major city in Ethiopia have a namesimilar to one capital Harar
15%
Major City in Nicaragua starts with a color Bluefields
10%
Former capital of Bhutan Punakha
5%
No matching quizzes found
Score Distribution
Percent of People with Each Score
Percentile by Number Answered
Your Score History
You have not taken this quiz